000 01158cam a22002657i 4500
001 18661420
005 20230717150823.0
008 150616s2016 ne a f b 001 0 eng d
010 _a 2015944143
020 _a9780128013427 (hardback)
035 _a(OCoLC)ocn924615380
040 _aYDXCP
_beng
_cYDXCP
_erda
_dOCLCO
_dOCLCF
_dOUN
_dDLC
042 _alccopycat
050 0 0 _aQA2 78 .L562 2016
082 0 0 _a519.5
_223
100 1 _aLiu, Xian
_q(Xian X.),
_eauthor.
245 1 0 _aMethods and applications of longitudinal data analysis /
_cXian Liu, Uniformed Services University of the Health Sciences, DoD Deployment Health Clinical Center, Defense Centers of Excellence, Walter Reed National Military Medical Center .
300 _axviii, 511 pages ;
_c25 cm
504 _aIncludes bibliographical references and indexes
650 0 _aLongitudinal method.
650 7 _aLongitudinal method.
_2fast
906 _a7
_bcbc
_ccopycat
_d2
_encip
_f20
_gy-gencatlg
942 _2lcc
_cBOOKS
_hQA2 78 .L562 2016
999 _c31696
_d31696